000 00299nam a22001337a 4500
005 20250923131815.0
008 250923b |||||||| |||| 00| 0 eng d
050 _aPQ3919
_b.2 ENV
100 _aSERNINE DANIEL
245 _aLES ENVOUTEMENTS
260 _c1985
300 _a109p
942 _2lcc
_cBK
_n0
999 _c7645
_d7645